Mafia 1 (Remake) All Bodies Of Water - Statistics

General Stats
  • This quiz has been taken 5 times
  • The average score is 3 of 11
Answer Stats
Answer % Correct
East River
75%
Lake Fyer
75%
West River
75%
North River
25%
Berry Wood Creek
0%
Durham Pond
0%
Lake Nawaha
0%
Old Crow Pond
0%
Saint Paul Coast
0%
Saint Peter Coast
0%
Two Hatch Pond
0%
No matching quizzes found
Score Distribution
Percent of People with Each Score
Percentile by Number Answered
Your Score History
You have not taken this quiz